Statystyki dla wszystkie uznawane kraje świata

Kliknij tutaj aby rozwiązać quiz!

Ogólne statystyki

  • Ten quiz został rozwiązany 104 razy
    (70 od ostatniego zresetowania)
  • Średni wynik to 53 z 194

Statystyki odpowiedzi

KontynentKraj% Poprawnych
EuropaPolska
96%
EuropaNiemcy
82%
Europa/AzjaRosja
76%
EuropaBiałoruś
73%
EuropaFrancja
73%
EuropaUkraina
69%
EuropaHiszpania
67%
EuropaLitwa
67%
EuropaŁotwa
65%
EuropaPortugalia
65%
EuropaCzechy
63%
EuropaEstonia
63%
EuropaSłowacja
61%
Europa/AzjaTurcja
61%
EuropaWielka Brytania
61%
EuropaWłochy
61%
EuropaSzwecja
59%
EuropaAustria
57%
EuropaDania
57%
EuropaHolandia
57%
EuropaNorwegia
57%
Ameryka PółnocnaStany Zjednoczone
57%
EuropaFinlandia
55%
EuropaBelgia
53%
Ameryka PołudniowaBrazylia
53%
EuropaGrecja
53%
AustraliaAustralia
51%
AzjaChiny
51%
EuropaChorwacja
51%
EuropaSzwajcaria
51%
Ameryka PołudniowaArgentyna
49%
Ameryka PółnocnaMeksyk
49%
EuropaMołdawia
49%
EuropaSłowenia
49%
EuropaBułgaria
47%
EuropaIrlandia
47%
EuropaAlbania
45%
EuropaIslandia
45%
AzjaJaponia
45%
EuropaSerbia
45%
EuropaAndora
43%
AfrykaEgipt
43%
Ameryka PółnocnaKanada
43%
Europa/AzjaKazachstan
43%
EuropaWatykan
43%
EuropaBośnia i Hercegowina
41%
AzjaIndie
41%
EuropaMacedonia Północna
39%
EuropaMonako
39%
EuropaLuksemburg
37%
AzjaMongolia
37%
EuropaWęgry
37%
EuropaLiechtenstein
35%
EuropaMalta
35%
AfrykaNiger
35%
AzjaPakistan
35%
AfrykaRepublika Południowej Afryki
35%
EuropaSan Marino
35%
AzjaArabia Saudyjska
33%
Ameryka PołudniowaChile
33%
EuropaCzarnogóra
33%
AzjaGruzja
33%
AzjaIrak
33%
AzjaIzrael
33%
Ameryka ŚrodkowaKuba
33%
AfrykaMaroko
33%
AzjaUzbekistan
33%
Ameryka PołudniowaKolumbia
31%
AfrykaNigeria
31%
OceaniaNowa Zelandia
31%
Ameryka PołudniowaPeru
31%
AfrykaTunezja
31%
AzjaIran
29%
AfrykaLibia
29%
EuropaRumunia
29%
AzjaArmenia
27%
AzjaKatar
27%
AfrykaKongo
27%
AzjaKorea Północna
27%
AzjaKorea Południowa
27%
Ameryka PołudniowaUrugwaj
27%
AzjaAfganistan
25%
AfrykaAlgieria
25%
Ameryka ŚrodkowaJamajka
25%
AfrykaKenia
25%
AzjaTajlandia
25%
AzjaZjednoczone Emiraty Arabskie
25%
AzjaAzerbejdżan
24%
Europa/AzjaCypr
24%
AfrykaEtiopia
24%
AzjaFilipiny
24%
AzjaIndonezja
24%
AfrykaMadagaskar
24%
AfrykaSomalia
24%
AzjaTurkmenistan
24%
Ameryka PołudniowaWenezuela
24%
Ameryka ŚrodkowaDominika
22%
Ameryka ŚrodkowaDominikana
22%
AzjaOman
22%
Ameryka PołudniowaParagwaj
22%
AzjaSyria
22%
AfrykaAngola
20%
Ameryka PołudniowaBoliwia
20%
AfrykaCzad
20%
Ameryka PołudniowaEkwador
20%
AfrykaGwinea
20%
AzjaJemen
20%
AzjaLaos
20%
AzjaMalezja
20%
Ameryka ŚrodkowaPanama
20%
OceaniaPapua-Nowa Gwinea
20%
AzjaWietnam
20%
Ameryka ŚrodkowaGwatemala
18%
Ameryka ŚrodkowaHaiti
18%
AzjaLiban
18%
AfrykaMali
18%
AzjaNepal
18%
AfrykaSudan
18%
OceaniaWyspy Marshalla
18%
Ameryka ŚrodkowaBahamy
16%
OceaniaFidżi
16%
Ameryka PołudniowaGujana
16%
OceaniaMikronezja
16%
AfrykaMozambik
16%
AfrykaSenegal
16%
AfrykaWybrzeże Kości Słoniowej
16%
AfrykaZambia
16%
AfrykaZimbabwe
16%
AfrykaEswatini
14%
AfrykaGhana
14%
Ameryka ŚrodkowaHonduras
14%
AzjaKirgistan
14%
Ameryka ŚrodkowaKostaryka
14%
AfrykaLesotho
14%
AzjaMalediwy
14%
Ameryka ŚrodkowaSalwador
14%
AzjaSri Lanka
14%
AfrykaSudan Południowy
14%
AzjaTadżykistan
14%
AzjaTimor Wschodni
14%
AfrykaErytrea
12%
AzjaKambodża
12%
AzjaKuwejt
12%
AfrykaMauretania
12%
AzjaMjanma
12%
OceaniaNauru
12%
AfrykaRepublika Zielonego Przylądka
12%
Ameryka PołudniowaSurinam
12%
AfrykaTanzania
12%
OceaniaTuvalu
12%
AfrykaUganda
12%
AfrykaWyspy Świętego Tomasza I Książęca
12%
Ameryka ŚrodkowaAntigua I Barbuda
10%
Ameryka ŚrodkowaBelize
10%
AzjaBhutan
10%
AfrykaBurkina Faso
10%
AfrykaDżibutti
10%
AzjaJordania
10%
OceaniaKiribati
10%
AfrykaLiberia
10%
AfrykaMalawi
10%
Ameryka ŚrodkowaNikaragua
10%
AfrykaSeszele
10%
AfrykaTogo
10%
Ameryka PołudniowaTrynidad I Tobago
10%
AzjaBangladesz
8%
AfrykaGabon
8%
AfrykaGambia
8%
AfrykaGwinea-Bissau
8%
AfrykaGwinea-Równikowa
8%
AfrykaKomory
8%
AfrykaNamibia
8%
OceaniaPalau
8%
AfrykaRwanda
8%
Ameryka ŚrodkowaSaint Kitts I Nevis
8%
Ameryka ŚrodkowaSaint Lucia
8%
Ameryka ŚrodkowaSaint Vincent I Grenadyny
8%
OceaniaSamoa
8%
AzjaSingapur
8%
OceaniaTonga
8%
OceaniaVanuatu
8%
OceaniaWyspy Salomona
8%
AzjaBahrajn
6%
Ameryka ŚrodkowaBarbados
6%
AfrykaBenin
6%
AfrykaBotswana
6%
AzjaBrunei
6%
AfrykaBurundi
6%
AfrykaDemokratyczna Republika Kongo
6%
Ameryka ŚrodkowaGrenada
6%
AfrykaKamerun
6%
AfrykaMauritius
6%
AfrykaSierra Leone
4%
AfrykaRebublika Środkowoafrykańska
0%

Rozkład punktacji

Percentyl według liczby udzielonych odpowiedzi

Procent ludzi z każdym wynikiem

Twoja historia wyników

Nie rozwiązałeś tego quizu od ostatniego zresetowania